| 000 | 00573nam a2200169 a 4500 | ||
|---|---|---|---|
| 008 | 120416s1993 ||||||||||||||||| || u | ||
| 020 | _a8122405037 | ||
| 050 | _aQA 402.3 Gop | ||
| 100 | _aGopal, M | ||
| 245 | 1 | 0 | _aModern control system theory |
| 250 | _a2nd ed. | ||
| 260 |
_aNew Delhi _bNew Age International _c1993 |
||
| 350 | _a0.00 | ||
| 650 | 0 | _aCONTROL THEORY | |
| 650 | 0 | _aMATHEMATICS--HANDBOOKS, MANUALS, ETC | |
| 995 |
_D0.00 _FCBU-MAIN LIBRARY (Kitwe) _H1 _I17.24 _M1 _UDAMAGED _ZMain Library Open Access Collection |
||
| 999 |
_c51438 _d51438 |
||